000 00715nam a2200181Ia 4500
008 100920s9999 xx 000 0 und d
082 _b63503
_a61 थ 63
100 _aसोवनी रा. वि.
245 _aमानवी आनुवंशिकता.
260 _bमहाराष्ट्र राज्य साहित्य आणि संस्कृति मंडळ,मंुबई.
_c1963
300 _a96
_bसाधी
365 _b3
520 _aस्थानिक वाचन.
630 _aमानवी आनुवंशिकता.
650 _aस्थानिक वाचन.
730 _aमानवी आनुवंशिकता.
942 _cBOOK
999 _c706583
_d706580